Thuật ngữ giao dịch & kinh doanh Anh - Việt

Gorde:
Xehetasun bibliografikoak
Egile nagusia: Nguyễn, Tấn Lực
Formatua: Liburua
Hizkuntza:Undetermined
Argitaratua: Tp. Hồ Chí Minh Trẻ 2004
Gaiak:
Etiketak: Etiketa erantsi
Etiketarik gabe, Izan zaitez lehena erregistro honi etiketa jartzen!
Thư viện lưu trữ: Trung tâm Học liệu Trường Đại học Cần Thơ
LEADER 00550nam a2200193Ia 4500
001 CTU_91780
008 210402s9999 xx 000 0 und d
020 |c 26000 
082 |a 330.03 
082 |b L552 
100 |a Nguyễn, Tấn Lực 
245 0 |a Thuật ngữ giao dịch & kinh doanh Anh - Việt 
245 0 |c Nguyễn Tấn Lực 
260 |a Tp. Hồ Chí Minh 
260 |b Trẻ 
260 |c 2004 
650 |a Business,Commercial 
904 |i Năm 
980 |a Trung tâm Học liệu Trường Đại học Cần Thơ